El libro del idioma; lectura, gramática, composición, vocabulario /

Guardado en:
Autor Principal: Henríquez Ureña, Pedro
Formato: Libro
Publicado: Buenos Aires : Kapelusz, 0
Edición:7a. ed.
Materias:
Etiquetas: Agregar Etiqueta
Sin Etiquetas, Sea el primero en etiquetar este registro!
LEADER 00609nam a22002055a 4500
001 CEM.cems003201
005 20060221000000.0
008 130507b######################000#0#####d
003 CEMS
082 0 4 |a 468.6 
100 1 |a Henríquez Ureña, Pedro 
245 1 0 |a El libro del idioma; lectura, gramática, composición, vocabulario /  |c Pedro Henríquez Ureña 
250 |a 7a. ed. 
260 |a Buenos Aires :  |b Kapelusz, 0 
300 |a 294 p. 
653 |a Lectura-manual de 
653 |a Sintaxis 
653 |a Linguistica 
653 |a Gramatica 
859 |a CEMS  |b BIB. CEMS - 11 de abril  |h 468.6  |i H435a7  |p 9850.81  |t Ej.1